书目信息 |
| 题名: |
五星级西餐
|
|
| 作者: | 张正忠 , 林丽娟 著 | |
| 分册: | ||
| 出版信息: | 北京 中国纺织出版社 2007.10 |
|
| 页数: | 127页 | |
| 开本: | 24cm | |
| 丛书名: | 尚锦西餐系列 | |
| 单 册: | ||
| 中图分类: | TS972.188 | |
| 科图分类: | ||
| 主题词: | 西式菜肴--xi shi cai yao--食谱 , 西式菜肴--xi shi cai yao--菜谱 | |
| 电子资源: | ||
| ISBN: | 978-7-5064-4592-4 | |
| 000 | 01006nam 2200289 450 | |
| 001 | 012008062013 | |
| 005 | 20090120140921.48 | |
| 010 | @a978-7-5064-4592-4@dCNY28.00 | |
| 100 | @a20081226d2007 em y0chiy0120 ea | |
| 101 | 0 | @achi@aeng |
| 102 | @aCN@b110000 | |
| 105 | @aa z 000yy | |
| 106 | @ar | |
| 200 | 1 | @a五星级西餐@Awu xing ji xi can@f张正忠, 林丽娟著@Fzhang zheng zhong,lin li juan zhu |
| 210 | @a北京@c中国纺织出版社@d2007.10 | |
| 215 | @a127页@c图@d24cm | |
| 225 | 2 | @a尚锦西餐系列@Ashang jin xi can xi lie@v2 |
| 306 | @a橘子文化事业有限公司授权出版 | |
| 330 | @a本书主要介绍了各种西餐的材料及做法,为中英文双语版。包括:烤火鸡肉卷,意大利紫苏宽面,龙王海鲜面等的做法。 | |
| 410 | 0 | @12001 @a尚锦西餐系列 |
| 606 | 0 | @a西式菜肴@Axi shi cai yao@x食谱 |
| 606 | 0 | @a西式菜肴@Axi shi cai yao@x菜谱 |
| 690 | @aTS972.188@v4 | |
| 701 | 0 | @a张正忠@Azhang zheng zhong@4著 |
| 701 | 0 | @a林丽娟@Alin li juan@4著 |
| 801 | 0 | @aCN@bQSSK@c20090120 |
| 905 | @b736319-21@dTS972.188@eZ249@f3 | |
| 五星级西餐/张正忠, 林丽娟著.-北京:中国纺织出版社,2007.10 |
| 127页:图;24cm.-(尚锦西餐系列;2) |
| ISBN 978-7-5064-4592-4:CNY28.00 |
| 本书主要介绍了各种西餐的材料及做法,为中英文双语版。包括:烤火鸡肉卷,意大利紫苏宽面,龙王海鲜面等的做法。 |
| ● |
| 相关链接 |
|
|
|
正题名:五星级西餐
索取号:TS972.188/Z249
 
预约/预借
| 序号 | 登录号 | 条形码 | 馆藏地/架位号 | 状态 | 备注 |
| 1 | 736319 | 207363191 | 自科库501/509社科库 45排7列5层/ [索取号:TS972.188/Z249] | 在馆 | |
| 2 | 736320 | 207363208 | 自科库501/509社科库 45排7列5层/ [索取号:TS972.188/Z249] | 在馆 | |
| 3 | 736321 | 207363217 | 自科库501/509社科库 45排7列5层/ [索取号:TS972.188/Z249] | 在馆 |